<?xml version="1.0" encoding="UTF-8"?>
<record
    xmlns:xsi="http://www.w3.org/2001/XMLSchema-instance"
    xsi:schemaLocation="http://www.loc.gov/MARC21/slim http://www.loc.gov/standards/marcxml/schema/MARC21slim.xsd"
    xmlns="http://www.loc.gov/MARC21/slim">

  <leader>01736nam a2200277 a 4500</leader>
  <controlfield tag="001"> </controlfield>
  <controlfield tag="003">OSt</controlfield>
  <controlfield tag="005">20211109083901.0</controlfield>
  <controlfield tag="008">081029s2007    dr            000 0 spa d</controlfield>
  <datafield tag="020" ind1=" " ind2=" ">
    <subfield code="a">9789945406054</subfield>
  </datafield>
  <datafield tag="040" ind1=" " ind2=" ">
    <subfield code="a">DO-SdBNP</subfield>
    <subfield code="b">spa</subfield>
    <subfield code="c">BNPHU</subfield>
  </datafield>
  <datafield tag="082" ind1=" " ind2=" ">
    <subfield code="a">320.97293</subfield>
    <subfield code="b">B742c, 2007</subfield>
    <subfield code="2">22</subfield>
  </datafield>
  <datafield tag="100" ind1="1" ind2=" ">
    <subfield code="a">Bosch, Juan, </subfield>
    <subfield code="d">1909-2001</subfield>
    <subfield code="9">1</subfield>
  </datafield>
  <datafield tag="245" ind1="1" ind2="0">
    <subfield code="a">Crisis de la democracia de Am&#xE9;rica en la Rep&#xFA;blica Dominicana /</subfield>
    <subfield code="c">Juan Bosch ; edici&#xF3;n Di&#xF3;medes N&#xFA;&#xF1;ez Polanco y Rafael Juli&#xE1;n.</subfield>
  </datafield>
  <datafield tag="250" ind1=" " ind2=" ">
    <subfield code="a">5a ed.</subfield>
  </datafield>
  <datafield tag="260" ind1=" " ind2=" ">
    <subfield code="a">Santo Domingo :</subfield>
    <subfield code="b">Alfa &amp; Omega,</subfield>
    <subfield code="c">2007.</subfield>
  </datafield>
  <datafield tag="300" ind1=" " ind2=" ">
    <subfield code="a">233 p. ;</subfield>
    <subfield code="c">21 cm.</subfield>
  </datafield>
  <datafield tag="505" ind1="0" ind2=" ">
    <subfield code="t">Introducci&#xF3;n a la primera edici&#xF3;n dominicana --</subfield>
    <subfield code="t">Introducci&#xF3;n --</subfield>
    <subfield code="t">A la muerte del tirano --</subfield>
    <subfield code="t">El Partido Revolucionario Dominicano en la hora cr&#xED;tica --</subfield>
    <subfield code="t">La juventud desviada --</subfield>
    <subfield code="t">Los patriotas y sus planes --</subfield>
    <subfield code="t">Los patriotas conquistan el poder --</subfield>
    <subfield code="t">La composici&#xF3;n social dominicana --</subfield>
    <subfield code="t">La clase media en el campo pol&#xED;tico --</subfield>
    <subfield code="t">La lengua nueva --</subfield>
    <subfield code="t">Pol&#xED;tica y conspiraci&#xF3;n --</subfield>
    <subfield code="t">Una escuela de pol&#xED;tica --</subfield>
    <subfield code="t">Golpe primero elecciones despu&#xE9;s --</subfield>
    <subfield code="t">El papel de la Iglesia en el golpe --</subfield>
    <subfield code="t">Comunismo y democracia --</subfield>
    <subfield code="t">La Alianza para el Progreso --</subfield>
    <subfield code="t">Los hombres de la Alianza --</subfield>
    <subfield code="t">El CIDES, una experiencia importante --</subfield>
    <subfield code="t">Los conflictos con Hait&#xED; --</subfield>
    <subfield code="t">El papel de la corrupci&#xF3;n en el golpe --</subfield>
    <subfield code="t">Trujillo, el jefe militar del golpe --</subfield>
    <subfield code="t">Los sectores sociales en las fuerzas armadas --</subfield>
    <subfield code="t">Juventud y masas populares, reserva del porvenir.</subfield>
  </datafield>
  <datafield tag="590" ind1=" " ind2=" ">
    <subfield code="a">Inventariado, 2021/VM</subfield>
  </datafield>
  <datafield tag="651" ind1=" " ind2="4">
    <subfield code="a">Rep&#xFA;blica Dominicana</subfield>
    <subfield code="x">Pol&#xED;tica y gobierno</subfield>
    <subfield code="y">1930-1961</subfield>
  </datafield>
  <datafield tag="651" ind1=" " ind2="4">
    <subfield code="a">Rep&#xFA;blica Dominicana</subfield>
    <subfield code="x">Historia</subfield>
    <subfield code="y">1961-1965</subfield>
  </datafield>
  <datafield tag="700" ind1="1" ind2=" ">
    <subfield code="a">N&#xFA;&#xF1;ez Polanco, Di&#xF3;medes,</subfield>
    <subfield code="b">1952-</subfield>
    <subfield code="e">ed.</subfield>
  </datafield>
  <datafield tag="700" ind1="1" ind2=" ">
    <subfield code="a">Juli&#xE1;n, Rafael,</subfield>
    <subfield code="e">ed.</subfield>
  </datafield>
  <datafield tag="910" ind1=" " ind2=" ">
    <subfield code="a">VMateo V.</subfield>
  </datafield>
  <datafield tag="942" ind1=" " ind2=" ">
    <subfield code="2">ddc</subfield>
    <subfield code="c">BK</subfield>
  </datafield>
  <datafield tag="952" ind1=" " ind2=" ">
    <subfield code="0">0</subfield>
    <subfield code="1">0</subfield>
    <subfield code="2">ddc</subfield>
    <subfield code="4">0</subfield>
    <subfield code="7">0</subfield>
    <subfield code="8">CD</subfield>
    <subfield code="a">BPMET</subfield>
    <subfield code="b">BPMET</subfield>
    <subfield code="d">2021-11-09</subfield>
    <subfield code="e">Fundac&#xF3;n Juan Bosch </subfield>
    <subfield code="l">0</subfield>
    <subfield code="o">BPMSU CD 320.97293 B742c, 2007</subfield>
    <subfield code="p">BPMSU21110066</subfield>
    <subfield code="r">2021-11-09</subfield>
    <subfield code="w">2021-11-09</subfield>
    <subfield code="y">BK</subfield>
  </datafield>
  <datafield tag="952" ind1=" " ind2=" ">
    <subfield code="0">0</subfield>
    <subfield code="1">0</subfield>
    <subfield code="2">ddc</subfield>
    <subfield code="4">0</subfield>
    <subfield code="7">0</subfield>
    <subfield code="8">CD</subfield>
    <subfield code="a">BPMET</subfield>
    <subfield code="b">BPMET</subfield>
    <subfield code="d">2021-11-09</subfield>
    <subfield code="e">Fundac&#xF3;n Juan Bosch </subfield>
    <subfield code="l">0</subfield>
    <subfield code="o">BPMSU CD 320.97293 B742c 2007</subfield>
    <subfield code="p">BPMSU21110067</subfield>
    <subfield code="r">2021-11-09</subfield>
    <subfield code="t">e.2</subfield>
    <subfield code="w">2021-11-09</subfield>
    <subfield code="y">BK</subfield>
  </datafield>
  <datafield tag="999" ind1=" " ind2=" ">
    <subfield code="c">13859</subfield>
    <subfield code="d">13859</subfield>
  </datafield>
</record>
